MDQL
is popping MORE tags! Check the
thread
!
Quizzes
Events
Quiz Creation
Community
Videos
Private Events
Remove Ads
Sign In
Join for FREE
Feedback
Dark Mode
Quiz Categories
Sports
Geography
Music
Movies
Television
Just For Fun
Miscellaneous
History
Literature
Language
Science
Gaming
Entertainment
Religion
Holiday
For Kids
Quiz Lab
Recent
Popular Today
Quiz Kudos Today
Editor Picks
Curator Picks
Quizzes by...
Day
Popularity
Type
Ratings
Length
Year
Community
Subscriptions
Recent Discussions
Orange Saloon
Badges
Playlists
Quests
Create
Leaderboards
Showdown
Live 5
Trivia Bingo
Activity
Puzzle Library
Sporcle Events
Private Events
Virtual Trivia
Globe League
Become a Host
Pub Owners
SporcleCon
Opinionation
Our Games
Videos
Blog
Mobile Apps
Partnerships
Remove Ads and Go Orange
Feedback
Gaming
Video Games
Board Games
Card Games
Pokémon
Mario
Nintendo
Minecraft
Console
Toys
Legend of Zelda
Gaming
Video Games
Board Games
Card Games
Pokémon
Mario
Nintendo
Minecraft
Console
Toys
Legend of Zelda
Random Quiz
Search Sporcle
×
Quiz Lab
Quiz Lab
Gaming
Pokémon
Type in answers that appear in a list
Type in answers that appear in a list
Classic
Best Score? Go Orange.
Strongest Pokemon by Type (Gen. 2) Stats
Can you name the Strongest Pokemon of Each Type (Gen. 2, Non Legendary)?
By
FarmerTome
4m
17 Questions
1,968 Plays
1,968 Plays
1,968 Plays
Comments
Comments
Give Quiz Kudos
Give Quiz Kudos
-
- Ratings
hide this ad
More Info
Replay
Link that replays current quiz
Next Quiz
Link to next quiz in quiz playlist
You Got
0%
They Got
Avg Score
63%
Avg Friend Score
Upgrade to see
Score Distribution
Jump to the score distribution portion of the page
Score
0/17
Timer
04:00
0
Plays Today
Type
Pokemon
% Correct
Flying
Dragonite
80%
Dragon
Dragonite
80%
Ground
Steelix
77.4%
Steel
Steelix
77.4%
Grass
Venusaur, Meganium
76.9%
Ghost
Gengar
74.3%
Rock
Tyranitar
68.9%
Dark
Tyranitar
68.9%
Fighting
Machamp
68.1%
Type
Pokemon
% Correct
Fire
Arcanine
63.4%
Normal
Snorlax, Blissey
62%
Ice
Lapras
60.7%
Water
Gyarados, Kingdra
53.4%
Electric
Jolteon
48.4%
Poison
Crobat
44.4%
Psychic
Espeon
42.9%
Bug
Shuckle
28.6%
Quiz Playlist
Details
Report
Send in Message
Add To Playlist
More Info:
These are based on Non-Legendary Pokemon available in Generation 2, with their stats from the stat split in Generation 2 on.
Classic:
Type in answers that appear in a list
Quiz Source
Last Updated: Oct 12, 2018
Quiz Scoreboard
CHALLENGE
Sign Up to Join the Scoreboard
Show All
Scores
Hide
Comments
May contain spoilers
Recently Published
Holiday 10x10 Sorting Gallery
by lukepisani3
Holiday
15m
Two Season TV Shows II
by 123Four
Television
10m
Image Sorting: Flags VI
by Barbecue
Geography
2m
More to Explore
Quiz From the Vault
Featured Blog Post
14 Easter Pick-up Lines to Find Eggs With
hide this ad
You Might Also Like...
Tags
Pokémon Quiz
base
dark
Dragon
Gen 2
normal
stat
steel
Strongest Pokémon
total
Today's Top Quizzes in Gaming
Browse Gaming
hide this ad
Today's Top Quizzes in Pokémon
Browse Pokémon
Top Contributed Quizzes in Gaming
1
League of Legends Pro Players by Career/Team History
2
Genshin Impact Logic Puzzle
3
Destiny 2 exotic weapons by perk icons
4
Genshin Impact Logic Puzzle Quiz
5
Genshin murder mystery
6
4x4 Decades: Video Games
7
Who's on the WWE 2K24 Cover?
8
Ultimate Genshin Impact Logic Puzzle (up to 4.3)
9
Dead By Daylight Logic Puzzle
10
Undertale Logic Puzzle
Explore More
Trending Topics
Crossword
Marvel
Anime
Kpop
NBA
Harry Potter
Disney
Song
WWE
The Office
Pokémon
Soccer
Puzzle
NFL
Country
hide this ad
More By:
FarmerTome
Quiz
Plays
Rating
Category
Featured
Created
Strongest Pokemon by Type (Gen1)
9,838
3.85
Gaming
Nov 11, 2010
Strongest Pokemon by Type (Gen. 2)
1,968
2.50
Gaming
Nov 11, 2010
Pokemon by highest base stats (as of Gen2)
1,856
3.91
Gaming
Feb 13, 2011
Pokemon by first availability
1,464
2.43
Gaming
Dec 12, 2010
Evolving Pokemon Biggest Stat Increase
1,417
3.92
Gaming
Nov 11, 2010
Go to Creator's Profile
Score Distribution
Quiz Creator Spotlight
FarmerTome
Follow
Send a Message
Quizzes Created
-
Created Quiz Play Count
-
More By This Creator
Popular Quizzes Today
1
Find the US States - No Outlines Minefield
2
Colored Red Africa Blitz
3
Find the 'City' Movie
4
The Countries of the World
5
5x2 Blitz: Bands
6
Find the US States
7
Find the Countries of Europe - No Outlines Minefield
8
US States
More Gaming Quizzes
4-to-1 Blitz: Gaming
Published
Trending Quizzes
Colored Red Europe Blitz I
Colored Red Europe Blitz II
Colored Red Africa Blitz II
Colored Red Europe Blitz III
Colored Red Africa Blitz III
Recently Updated
Odd Team Out - Big 4 Players
pecheneg
Quick Pick: 20 Twenties
pecheneg
March Madness Men's Triple Doubles
pecheneg
How Do You Spell That?
pecheneg
Godzilla Movies
pecheneg
Grab Bag: 4-10 Letters
pecheneg
2024 March Madness Bracket
pecheneg
Famous TV Couples
Peacemaker
Champions League XIs: Real Madrid
pecheneg
Largest US Cities 1790-2010
pecheneg
Trending Topics
Crossword
Kpop
Harry Potter
Disney
Anime
NBA
Marvel
NFL
WWE
Soccer
Country
Pokémon
Song
Puzzle
The Office
Your Account Isn't Verified!
In order to create a playlist on Sporcle, you need to verify the email address you used during registration. Go to your
Sporcle Settings
to finish the process.
Report this User
Report this user for behavior that violates our
Community Guidelines
.
Details:
Send Report
Go to the Sporcle.com Mobile Site →
Comments